000 00475nam a2200181Ia 4500
003 GCL
008 140319s9999 xx 000 0 eng d
040 _aGCL /
_cGCL
082 0 4 _a612.76
100 1 _aADAMS, GENE M.
245 1 0 _aEXERCISE PHYIOSLOGY: LA BORATORY MANUAL /
_cADAMS, GENE M.
260 _a[S.N] :
_bBRUWNAND BEN CHMARK ،
_c1994
300 _a292
650 0 4 _aTERMINOLOGY
650 0 4 _aASPECTS
650 0 4 _aEXCERCISE - PHYSICOLGICAL
942 _2ddc
_cBK
999 _c11856
_d11856